[Event "SVK-ch U12"]
[Site "Tatralandia"]
[Date "2015.04.23"]
[Round "7"]
[White "Orsula, Timotej"]
[Black "Kovalik, Jakub"]
[Result "1/2-1/2"]
[WhiteElo "1118"]
[BlackElo "1343"]
[PlyCount "55"]
[EventDate "2015.04.18"]
[EventType "swiss"]
[EventRounds "9"]
[EventCountry "SVK"]
[SourceTitle "CBM 166 Extra"]
[Source "ChessBase"]
[SourceDate "2015.06.18"]
[SourceVersion "1"]
[SourceVersionDate "2015.06.18"]
[SourceQuality "1"]

1. e4 c5 2. Nf3 d6 3. Nc3 Nf6 4. d4 cxd4 5. Nxd4 g6 6. Bc4 Bg7 7. 0-0 0-0 8. Nf3 Nc6 9. Bb3 Bg4 10. Rb1 Rc8 11. Be3 a6 12. h3 Bd7 13. a3 b5 14. Bg5 Re8 15. Re1 Na5 16. Bxf6 Bxf6 17. Ba2 Bxc3 18. bxc3 Rxc3 19. e5 Nb7 20. a4 Rf8 21. Ng5 h6 22. e6 hxg5 23. exd7 Qxd7 24. Qd5 Rxc2 25. Ra1 Rc5 26. Qe4 Re5 27. Qxg6+ Kh8 28. Qh6+ 1/2-1/2

[Event "SVK-ch U12"]
[Site "Tatralandia"]
[Date "2015.04.22"]
[Round "6"]
[White "Kossuth, Tomas"]
[Black "Orsula, Timotej"]
[Result "1/2-1/2"]
[WhiteElo "1140"]
[BlackElo "1118"]
[PlyCount "21"]
[EventDate "2015.04.18"]
[EventType "swiss"]
[EventRounds "9"]
[EventCountry "SVK"]
[SourceTitle "CBM 166 Extra"]
[Source "ChessBase"]
[SourceDate "2015.06.18"]
[SourceVersion "1"]
[SourceVersionDate "2015.06.18"]
[SourceQuality "1"]

1. e4 e5 2. Nf3 Nc6 3. Nc3 Nf6 4. Bb5 d6 5. h3 a6 6. Bxc6+ bxc6 7. d3 h6 8. b3 c5 9. Bb2 Bb7 10. Qe2 Qe7 11. Nh4 1/2-1/2